| 000 | 00834nas a2200265 4500 | ||
|---|---|---|---|
| 001 | BR0003304 | ||
| 003 | BR-BrBNA | ||
| 005 | 20231205101930.0 | ||
| 007 | ta | ||
| 008 | 230509b bl.|||p| |||| 00| 00por d | ||
| 040 |
_aBR-BrBNA _bpor _cBiblioteca Nacional de Agricultura |
||
| 041 | _a(Pt) | ||
| 072 | _aF02 | ||
| 100 | 1 | _aSchmildt, E.R. | |
| 100 | 1 | _aGuimaraes, C.T. | |
| 100 | 1 | _aLani, E.R.G. | |
| 100 | 1 | _aTeixeira, S.L. | |
| 245 | 1 | _aEfeito do floroglucinol na reacao morfogenica in vitro de segmentos internodais de Citrus sinensis (Linn.)Osbeck cv. Pera | |
| 650 | _aLaranja Pera | ||
| 650 | _aMorfogenese | ||
| 650 | _aCultura de Tecido | ||
| 773 | 0 |
_tRevista Ceres (Brazil) _xISSN 0034-737X _g(Jan-Feb 2000), v. 47(269) p. 113-120 _wBR0003304 |
|
| 909 |
_a202311 _bLúcia _c55 _dLúcia Elande |
||
| 942 |
_2AGRIS _n0 _cANA |
||
| 999 |
_c164787 _d164787 |
||